Finnish civil war - Statistics

General Stats
  • This quiz has been taken 39 times
  • The average score is 9 of 17
Answer Stats
Hint Answer % Correct
When did the finnish civil war start and end? 1918
97%
What was the capital of the Red Finland? Helsinki
86%
Which side won? The Whites
83%
This country supported the reds but did not send any major assistance due to their own troubles. Soviet Russia
81%
This country helped whites in the civil war and even occupied the capital of the Red Finland. German Empire
75%
The bloodiest urban battle in the nordic history. Battle of Tampere
69%
Who was the commander in chief of the White army? C.G.E. Mannerheim
67%
Which were the two sides? Reds and whites
64%
Which historical event inspired the finnish civil war? Russian revolution
61%
What system of government the winners wanted? monarchy
58%
What was the capital of White Finland? Vaasa
53%
What rifle was the weapon of choice for the Red forces? Mosin Nagant
28%
What occurred afterwards? White terror
25%
How many died? about 39 000
22%
What rifle was the weapon of choice for the White forces? Gewehr 98
11%
These vehicles caused fear in the white army as they were used by Reds. Armored train
6%
The civil war started when a red lantern was ignited on top of this building in the capital. Helsinki labour house
3%
No matching quizzes found
Score Distribution
Percent of People with Each Score
Percentile by Number Answered
Your Score History
You have not taken this quiz